01123cam a22002895a 4500001001000000003000400010005001700014008004100031020001800072040005200090082002100142245009200163250001200255260006200267300004400329500002600373504004100399650002400440650003400464651001000498653003300508700002900541700005100570942000800621999001700629952018700646016795446OSt20160126160046.0140710t2014 ii a frb 001 0 eng d a9789351522324 aStDuBDSbengcStDuBDSdUkdEG-ScBUE dEG-ScBUE 04a617.645bTEX22200aTextbook of pediatric dentistry /cedited by Nikhil Marwah ; foreword by Charles Lekic. a3rd ed. aNew Delhi :bJaypee Brothers Medical Publishers,cc.2014. axxxii, 1048 p. :bill. (col.) ;c28 cm. aIndex : p. 1021-1048. aIncludes bibliographical references. 0aPedodontics.2BUEsh 0aChildrenxDental care.2BUEsh 2BUEsh bDDentcJune2015cJanuary20161 aMarwah, Nikhil,eeditor.1 aLekic, Charles, eauthor of introduction, etc. 2ddc c20073d20045 00102ddc3Lost In Inventory_2018-08-1240708AlahramaMAINbMAINc1STd2015-06-29ePurchaseg298.00h306l3m30o617.645 TEXp000039310r2022-08-24 00:00:00s2017-05-24v372.50yBB